| 000 | 01279cam a2200349 i 4500 | ||
|---|---|---|---|
| 001 | 67971 | ||
| 999 |
_c67971 _d67971 |
||
| 003 | Mx-PuUPA | ||
| 005 | 20240410104251.0 | ||
| 008 | 190322s2016 mx a||||r|||| 00| 0 spa d | ||
| 020 | _a9786070736773 | ||
| 040 |
_aMx-PuUPA _bspa _cMx-PuUPA _dMx-PuUPA _erda |
||
| 041 | 1 |
_aspa _heng |
|
| 100 | 1 |
_aKid, Cube _98305 _eautor |
|
| 240 | 1 | 0 |
_aDiary of a wimpy villager. _lEspañol |
| 245 | 1 | 0 |
_aDiario de un aldeano desafortunado / _cCube Kid ; Concha Fernández y David Heredia, de la traducción |
| 250 | _aPrimera edición | ||
| 264 | 4 |
_aCiudad de México : _bEditorial Temas de Hoy, _c2016 |
|
| 300 |
_a304 páginas : _bilustraciones ; _c21 cm. |
||
| 336 |
_2rdacontent _atexto _btxt |
||
| 337 |
_2rdamedia _asin medio _bn |
||
| 338 |
_2rdacarrier _avolumen _bnc |
||
| 650 | 4 |
_aJuegos de computadora _xCuentos infantiles |
|
| 650 | 4 |
_aMinecraft (Juego) _xCuentos infantiles |
|
| 650 | 4 | _aJuegos de computadora | |
| 700 | 1 |
_aFernández, Concha, _etraductor |
|
| 700 | 1 |
_aHeredia, David, _etraductor |
|
| 765 | 1 | 8 |
_aKid, Cube _tDiary of a wimpy villager |
| 942 |
_2ddc _cLI _h794.8 _iK46 |
||